| 000 | 00000nam##2200000za#4500 |
| 001 | 9.694823 |
| 003 | CaOODSP |
| 005 | 20210624234309 |
| 007 | cr ||||||||||| |
| 008 | 150407|2004||||xxc|||||o f|0| 0 eng|d |
| 040 | |aCaOODSP|beng |
| 043 | |an-cn--- |
| 086 | 1 |aM76-4/2005-1E-PDF |
| 110 | 1 |aCanada.|bNatural Resources Canada. |bEarth Sciences Sector. |
| 245 | 10|aEarth Sciences Sector, 2004 update and progress report - 2002/2005 business plan |h[electronic resource] |
| 246 | 1 |aEarth Sciences Sector, business plan 2002/2005 - 2004 update and progress report |
| 260 | |aOttawa - Ontario : |bNatural Resources Canada. |cc2004. |
| 300 | |a71p.|bcoloured map, organization chart, tables, photographs |
| 500 | |aThe catalogue number (M76-4/2001-1E) and ISBN (0-662-36299-3) for the print edition have been incorrectly copied in this PDF version. |
| 590 | |a11-13-Supp|b2011-08-04 |
| 690 | 07|aBusiness plans|2gcpds |
| 775 | 08|tSecteur des sciences de la terre, mise à jour et rapport d'étape 2004 - plan d'affaires 2002-2005 |w(CaOODSP)9.638994 |
| 856 | 40|ahttp://publications.gc.ca|qPDF|s4943 KB|uhttps://publications.gc.ca/collections/collection_2011/rncan-nrcan/M76-4-2005-1-eng.pdf |